000 00987nam a22003131i 4500
003 EG-ScBUE
005 20250527092750.0
008 141216t2006 nyua f bd 001 0 eng d
020 _a1418020621
020 _a9781418020620
040 _aEG-ScBUE
_beng
_erda
_cEG-ScBUE
_dEG-ScBUE
082 0 4 _a530.8
_bDOT
_222
100 1 _aDotson, Connie L.,
_936941
_eauthor.
245 1 0 _aFundamentals of dimensional metrology /
_cConnie Dotson.
250 _aFifth edition.
264 1 _aNew York :
_bThomson Delmar Learning,
_c[2006]
264 4 _cc2006
300 _axi, 638 pages :
_billustrations ;
_c24 cm
336 _2rdacontent
_atext
_btxt
337 _aunmediated
_2rdamedia
_bn
338 _avolume
_bnc
_2rdacarrier
500 _aIncludes appendixes.
500 _aIncludes glossary.
504 _aIncludes bibliographical references and index.
650 7 _aMeasurement.
_2BUEsh
650 7 _aMeasuring instruments.
_2BUEsh
655 _vReading book
942 _2ddc
_cBB
999 _c10174
_d10174